000 00687cam a2200181 4500500
005 20260405004015.0
041 _afre
042 _adc
100 1 0 _aNewmark, Catherine
_eauthor
245 0 0 _aSusan Neiman : "La vraie préoccupation d’Arendt, c’est de trouver une possibilité de réflexion qui nous libère du mal"
260 _c2016.
500 _a88
690 _aBanalité du mal
690 _aEichmann
690 _aHannah Arendt
786 0 _nPhilosophie magazine - Hors séries | Hors-série Pritemps 2016 | HS28 | 2016-04-01 | p. 8-9 | 2104-9246
856 4 1 _uhttps://shs.cairn.info/magazine-philosophie-magazine-2016-hs28-page-8?lang=fr&redirect-ssocas=7080
999 _c2072860
_d2072860